| 000 | 00916nam a22002535a 4500 | ||
|---|---|---|---|
| 005 | 20161023135714.0 | ||
| 008 | 160824t2015 cau frb 001 0 eng d | ||
| 020 | _a9781626565579 | ||
| 040 |
_aEG-ScBUE _beng _cEG-ScBUE _dEG-ScBUE |
||
| 043 | _an-us--- | ||
| 082 | 0 | 4 |
_222 _a305.550973 _bBRY |
| 100 | 1 |
_940871 _aBryant, John, _d1966- |
|
| 245 | 1 | 0 |
_aHow the poor can save capitalism : _brebuilding the path to the middle class / _cJohn Hope Bryant. |
| 260 |
_aOakland : _bBerrett-Koehler Publishers, _cc.2015. |
||
| 300 |
_axii, 160 p. ; _c21 cm. |
||
| 500 | _aIndex : p. 153-157. | ||
| 504 | _aBibliography : p. 141-145. | ||
| 650 | 7 |
_2BUEsh _aMiddle class _zUnited States _xSocial conditions. _940873 |
|
| 650 | 7 |
_aPoor _xEmployment _zUnited States. _940874 _2BUEsh |
|
| 650 | 7 |
_aEconomic development _zUnited States. _940875 _2BUEsh |
|
| 651 | _2BUEsh | ||
| 653 |
_bBUSECO _cAugust 2016 _cOctober2016 |
||
| 942 | _2ddc | ||
| 999 |
_c22230 _d22202 |
||